| 000 | 00518nam a2200181Ia 4500 | ||
|---|---|---|---|
| 999 |
_c19100 _d19100 |
||
| 003 | OSt | ||
| 005 | 20201113105859.0 | ||
| 008 | 190216s9999||||xx |||||||||||||| ||und|| | ||
| 020 | _a333051777 | ||
| 040 | _coclc | ||
| 082 |
_a823.912 _bFOR/P |
||
| 100 |
_aForster, E M _95772 |
||
| 245 | 0 |
_aA Passage To India / _bE M Forster |
|
| 260 |
_bOxford And Ibh Publishing Co. Pvt Ltd, _c1978. _aNew york: |
||
| 300 | _a252p | ||
| 650 | _aHistory | ||
| 942 |
_cBK _2ddc _h823.912 _iFOR/P _k823.912 _mFOR/P |
||